| 000 | 01062nam a2200313 i 4500 | ||
|---|---|---|---|
| 003 | EG-GICUC | ||
| 005 | 20260219093311.0 | ||
| 008 | 260219s1975 fr ||||fr|||| 00| 0 fre d | ||
| 040 |
_aEG-GiCUC _bfre _cEG-GiCUC _dEG-GiCUC _eRda |
||
| 082 | 0 | 4 |
_221 _a341 _bCO . E |
| 092 | 0 | 4 | _221 |
| 099 | _aLaw1 11 341 CO . E 1975 | ||
| 100 | 1 |
_aColombeau, Alain _eAuteur |
|
| 245 | 1 | 0 |
_aÉtudes De Doctrine Et De Droit International Du Développement / _b _cAlain Colombeau, Christian Davin ; Maurice Flory. _n |
| 264 | 3 |
_aParis : _bPresses Universitaires De France, _c1975. |
|
| 300 |
_a384page : _billustration ; _c 24 cm. |
||
| 336 |
_2rda contenu _a texte |
||
| 337 |
_2rda medias _aOrdinateur |
||
| 338 |
_2 transporteur rda _a Ressource en ligne |
||
| 504 | _a | ||
| 546 | _aTexte en français | ||
| 650 | 1 | 4 |
_aDroit international public _2 |
| 651 | 1 | _2 | |
| 700 | 1 |
_aDavin, Christian _eCo-Auteur |
|
| 700 | 1 |
_aFlory, Maurice _ePréfacier |
|
| 856 | 4 | 0 | _uhttps://fll.law.cu.edu.eg/fulltext/bks/B11-07207.pdf |
| 905 | _a50 | ||
| 942 |
_2ddc _cBK _e21 _n0 |
||
| 999 |
_c63794 _d63794 |
||